000 00646nam a2200229 a 4500
001 66737
003 BD-RjUL
005 20211209081555.0
008 170319s2003 ii a b 001 0 eng
020 _a8177541986
035 _a(BD-RjUL)66868
040 _aDLC
_cDLC
_dBD-RjUL
_beng
041 _aeng
082 0 0 _a630.2515
_223
_bSAA 2003
100 1 _aSahu, D. D.
_9197573
245 1 0 _aAgrometeorology and remote sensing :
_bPrinciples and practices /
_cD.D. Sahu
260 _aIndia :
_bAgrobios,
_cc2003
300 _axvii, 245 p. :
_bill. ;
_c24 cm.
500 _aIncludes index.
504 _aBibliography: p. 353-359.
942 _2ddc
_cBK
999 _c66737
_d66737